000
00231nam a2200097Ia 4500
001
1091034
005
20250827002851.0
008
250824s9999 xx 000 0 und d
245
0
_a
SOKAK KEDİSİ HIRÇIN
_c
ALİ IRMAK
260
_b
A
999
_c
1091034
_d
1091034